Responsabilità del convenuto per la cosa oggetto di azione reale

Uloženo v:
Podrobná bibliografie
Hlavní autor: Schipani, Sandro (Autor)
Médium: Kniha
Jazyk:italština
Vydáno: Turín G. Giappichelli 1971
Edice:Memorie dell'Istituto Giuridico, 140
Témata:
Tagy: Přidat tag
Žádné tagy, Buďte první, kdo vytvoří štítek k tomuto záznamu!

MARC

LEADER 00000nam a2200000 a 4500
001 UCR1066
003 CL-VaPUC
008 971205e19710000IT |||||||||||||||||ita|d
082 0 4 |a 340.5401  |b SCH  |2 21 
100 0 |a Schipani, Sandro  |e author  |9 397860 
245 1 0 |a Responsabilità del convenuto per la cosa oggetto di azione reale 
300 |a 244 p 
942 |c BK 
945 |d 19971205 00:00:00  |a aolguin 
260 |a Turín  |b G. Giappichelli  |c 1971 
650 0 |a Derecho romano  |9 255930 
650 7 |a FUENTES  |2 CL-VaPUC  |9 255666 
650 0 |a Digestos  |9 395744 
650 0 |a Patrimonio  |9 257770 
650 0 |a Bienes  |9 255749 
650 0 |a Responsabilidad  |9 308399 
583 |a last modification  |c 19971205 00:00:00  |k Rodrigo Vera 
490 0 |a Memorie dell'Istituto Giuridico, 140 
999 |c 264561  |d 264559 
952 |0 0  |1 0  |4 0  |6 340_540100000000000_SCH_1971  |7 0  |8 DER_ROM  |9 294845  |a BIBDER  |b BIBDER  |d 2019-11-19  |i 1920839  |o 340.5401 SCH 1971  |p 1920839  |r 2023-01-25  |w 2019-11-19  |x Ubicación 4to piso  |y BK  |z Este recurso debe solicitarse con anticipación  |k DER